Statistics for Most Visited Countries on Cruises

Click here to take the quiz!

General Stats

  • This quiz has been taken 1,046 times
  • The average score is 16 of 30

Answer Stats

TypeCountry% Correct
StandardUnited States
94%
LuxuryUnited States
94%
LuxuryItaly
92%
LuxuryFrance
90%
RiverFrance
90%
LuxurySpain
90%
StandardMexico
86%
LuxuryGreece
83%
StandardCanada
80%
RiverGermany
78%
StandardBahamas
76%
LuxuryRussia
69%
LuxuryTurkey
69%
StandardJamaica
68%
LuxuryCroatia
58%
RiverNetherlands
54%
RiverAustria
50%
RiverHungary
46%
LuxuryThailand
37%
RiverSlovakia
27%
RiverBulgaria
26%
RiverSerbia
26%
RiverVietnam
25%
Standard*Puerto Rico
21%
Standard*US Virgin Islands
18%
Standard**Netherlands Antilles
17%
RiverCambodia
16%
Standard*Cayman Islands
12%
Standard*Turks and Caicos
7%
Luxury*Saint Barthelemy
2%

Score Distribution

Percentile by Number Answered

Percent of People with Each Score

Your Score History

You have not taken this quiz